| 000 | 01168naa a22003377a 4500 | ||
|---|---|---|---|
| 001 | BR7604053 | ||
| 003 | BR-BrBNA | ||
| 005 | 20240918173920.0 | ||
| 007 | ta | ||
| 008 | 230509b bl.||||| |||| 00| 0 por d | ||
| 040 |
_aBR-BrBNA _bpor _cBiblioteca Nacional de Agricultura |
||
| 041 | _a(Pt) | ||
| 072 |
_aF00 _b0716 _b3575 |
||
| 090 | _aF00 BR7604053 | ||
| 100 | 1 | _aOjima, M. | |
| 100 | 1 | _aDall'Orto, F.A.C. | |
| 100 | 1 | _aRigitano, O. | |
| 100 | 1 | _aIgue, T. | |
| 111 | 1 |
_a3. Congresso Brasileiro de Fruticultura _cRio de Janeiro, RJ (Brazil) _d14 Jul 1975 |
|
| 245 | 1 | _aInfluencia dos metodos de preparo na germinacao das sementes de pessego [Prunus persica] | |
| 260 | 3 |
_aCampinas, SP (Brasil): _c1976. |
|
| 500 | _aAnais do 3. Congresso Brasileiro de Fruticultura Campinas, SP (Brasil): 1976. v. 2 p. 575-579 (BR7604053-AM)F00 | ||
| 650 | _aPESSEGO | ||
| 650 | _aVARIEDADE | ||
| 650 | _aSEMENTE | ||
| 650 | _aGERMINACAO | ||
| 650 | _aPODER GERMINATIVO | ||
| 773 | 0 |
_tAnais do 3. Congresso Brasileiro de Fruticultura _wF00 BR7604053 _gCampinas, SP (Brasil), 1976. v. 2 p. 575-579 |
|
| 909 |
_a202404 _bLucia _c55 _dLucia Elande |
||
| 942 |
_cAM _2AGRIS |
||
| 999 |
_c307669 _d307669 |
||